[Event "C.to Provinciale MI"]
[Site "Milano ITA"]
[Date "2015.02.01"]
[Round "6"]
[White "Podetti, Davide"]
[Black "Valdettaro, Filippo"]
[WhiteElo "1976"]
[BlackElo "1754"]
[Result "0-1"]
[PlyCount "74"]
[EventDate "2015.01.24"]

1. e4 e6 2. d4 d5 3. Nc3 Bb4 4. e5 c5 5. Bd2 Nh6 6. Nb5 Bxd2+ 7. Qxd2 O-O 8. f4
a6 9. Nd6 cxd4 10. Nf3 Nc6 11. Bd3 f6 12. O-O Ng4 13. h3 Ne3 14. Rf2 fxe5 15.
fxe5 Rxf3 16. gxf3 Qg5+ 17. Kh1 Qg3 18. f4 Nb4 19. Qe2 Nxd3 20. cxd3 Qxh3+ 21.
Rh2 Qg4 22. Qxg4 Nxg4 23. Rc2 Bd7 24. Rg1 h5 25. Rc7 Bb5 26. Rg3 Bxd3 27. Kg2
Be4+ 28. Nxe4 dxe4 29. Rb3 Rb8 30. Rb6 Ne3+ 31. Kf2 Nd5 32. Rbxb7 Rxb7 33. Rxb7
d3 34. Rd7 e3+ 35. Kf3 e2 36. Kf2 Nxf4 37. Rd4 Ng2 0-1

[Event "C.to Provinciale MI"]
[Site "Milano ITA"]
[Date "2015.02.01"]
[Round "6"]
[White "Valtemara, Mattia Angelo"]
[Black "Madaschi, Sergio"]
[WhiteElo "1468"]
[BlackElo "1498"]
[Result "1-0"]
[PlyCount "75"]
[EventDate "2015.01.24"]

1. e4 c5 2. Nf3 Nc6 3. c3 d5 4. exd5 Qxd5 5. d4 cxd4 6. Nxd4 Nf6 7. Be3 a6 8.
Qf3 Qxf3 9. Nxf3 g6 10. Bc4 Bg7 11. O-O O-O 12. Nbd2 b5 13. Bb3 Bb7 14. Nd4
Nxd4 15. Bxd4 Rad8 16. Rad1 Nh5 17. Bxg7 Kxg7 18. Nf3 Bxf3 19. gxf3 e6 20. Rxd8
Rxd8 21. Rd1 Rxd1+ 22. Bxd1 Nf4 23. a4 bxa4 24. Bxa4 Nd5 25. Kf1 Nb6 26. Bc6
Nc4 27. b4 Nd6 28. Ke2 f5 29. Kd3 e5 30. c4 e4+ 31. fxe4 fxe4+ 32. Bxe4 Kf6 33.
Bc6 Ke6 34. c5 Nb5 35. Bxb5 axb5 36. Ke4 h5 37. Kf4 Kd5 38. Kg5 1-0

[Event "C.to Torinese Open"]
[Site "Torino ITA"]
[Date "2015.01.26"]
[Round "2"]
[White "Carollo, Andrea"]
[Black "Pitica, Silviu Valentin"]
[WhiteElo "1665"]
[BlackElo "1940"]
[Result "0-1"]
[PlyCount "66"]
[EventDate "2015.01.19"]

1. d4 Nf6 2. Nf3 g6 3. c4 c5 4. d5 b5 5. Qc2 bxc4 6. e4 d6 7. Bxc4 Bg7 8. Nc3
Nbd7 9. Bf4 Nh5 10. Bd2 O-O 11. Ne2 Qc7 12. Bc3 Nhf6 13. O-O a6 14. a3 Nb6 15.
Bb3 Bg4 16. Rac1 Rfc8 17. Rfd1 Bh6 18. Bd2 Bg7 19. Bc3 Bh6 20. Bd2 Bxd2 21.
Rxd2 Bxf3 22. gxf3 Nh5 23. Ng3 Nf4 24. Ne2 Nh5 25. Ng3 Nf6 26. Ba2 Qd7 27. Kg2
Rab8 28. Bc4 Qb7 29. Qd3 Nxc4 30. Rxc4 Qb5 31. Qc3 Nd7 32. f4 Nb6 33. a4 Qxc4
0-1

[Event "C.to Torinese Open"]
[Site "Torino ITA"]
[Date "2015.01.26"]
[Round "2"]
[White "Giacomasso, Enrico"]
[Black "Menzio, Sandro"]
[WhiteElo "1969"]
[BlackElo "1667"]
[Result "1-0"]
[PlyCount "55"]
[EventDate "2015.01.19"]

1. e4 c5 2. Nf3 d6 3. d4 cxd4 4. Nxd4 e6 5. Nc3 Be7 6. Be2 Nf6 7. O-O O-O 8.
Be3 a6 9. f4 Nbd7 10. Bf3 Nb6 11. Kh1 Nc4 12. Bc1 Qc7 13. g4 e5 14. Nf5 Bxf5
15. exf5 Nb6 16. g5 Nfd7 17. Bg2 exf4 18. Bxf4 Ne5 19. Bxe5 dxe5 20. f6 Rfd8
21. Qf3 Bb4 22. Ne4 Nd5 23. fxg7 Nf4 24. Nf6+ Kxg7 25. Qe4 Rd2 26. Qxh7+ Kf8
27. Rxf4 Rxc2 28. Nd5 1-0

[Event "C.to Torinese Open"]
[Site "Torino ITA"]
[Date "2015.02.02"]
[Round "3"]
[White "Barletta, Mauro"]
[Black "Manino, Edoardo"]
[WhiteElo "2175"]
[BlackElo "1979"]
[Result "1-0"]
[PlyCount "41"]
[EventDate "2015.01.19"]

1. d4 d5 2. Bg5 Nf6 3. e3 e6 4. Nd2 c5 5. c3 Nc6 6. Ngf3 Be7 7. Bd3 h6 8. Bh4
O-O 9. Qe2 b6 10. Rg1 Ng4 11. Bxe7 Qxe7 12. h3 e5 13. Bb5 exd4 14. Bxc6 Nxe3
15. fxe3 Qf6 16. Bxa8 Re8 17. cxd4 cxd4 18. Nxd4 Ba6 19. Qxa6 Rxe3+ 20. Ne2 d4
21. Qc8+ 1-0

[Event "C.to Torinese Open"]
[Site "Torino ITA"]
[Date "2015.02.02"]
[Round "3"]
[White "Pitica, Silviu Valentin"]
[Black "Fassio, Luca"]
[WhiteElo "1940"]
[BlackElo "2050"]
[Result "1-0"]
[PlyCount "161"]
[EventDate "2015.01.19"]

1. d4 Nf6 2. c4 c5 3. d5 e6 4. Nc3 exd5 5. cxd5 d6 6. e4 g6 7. Bd3 Bg7 8. h3
O-O 9. Nf3 Re8 10. O-O Na6 11. Re1 Rb8 12. Bf4 Nc7 13. a4 a6 14. a5 b5 15. axb6
Rxb6 16. Qc2 Bd7 17. Nd2 Bb5 18. Rad1 Qb8 19. Bh2 Nd7 20. Bxb5 axb5 21. f4 Ra6
22. b3 Qa7 23. Kh1 Nb6 24. Qd3 Ra5 25. Ne2 Ra3 26. Qc2 Qa5 27. e5 Ncxd5 28. Qd3
dxe5 29. Ne4 c4 30. Qg3 Rxb3 31. Qf2 exf4 32. Nxf4 Rd8 33. Nc5 Ra3 34. Nb7 Qa8
35. Nxd8 Qxd8 36. Qc5 Bf8 37. Qxb5 Nc3 38. Rxd8 Nxb5 39. Ree8 c3 40. Rxf8+ Kg7
41. Rg8+ Kf6 42. Bg1 c2 43. Ne2 Ra1 44. Kh2 Re1 45. Bxb6 Rxe2 46. Rc8 Na3 47.
Bd4+ Kg5 48. Bb2 Nb1 49. Rc5+ f5 50. Bc1+ Kh4 51. Rgc8 Nd2 52. Bxd2 Rxd2 53.
Rxc2 Rd3 54. R8c4+ Kg5 55. Rf2 h6 56. g4 fxg4 57. Rxg4+ Kh5 58. Rg3 Rd1 59. Rb3
Kh4 60. Rb4+ Kh5 61. Rc2 Ra1 62. Rc3 Rd1 63. Kg3 Rg1+ 64. Kf2 Rh1 65. Rc5+ g5
66. Kg2 Ra1 67. Rc3 Rd1 68. Kg3 Rg1+ 69. Kf2 Rh1 70. Ke2 Rh2+ 71. Kf1 Ra2 72.
Re4 Rb2 73. Rc6 Rb1+ 74. Ke2 Rb2+ 75. Kf3 Rb3+ 76. Re3 Rb4 77. Ree6 Rb3+ 78.
Ke2 Rb2+ 79. Kd3 Rb3+ 80. Kc2 Rxh3 81. Rxh6+ 1-0

[Event "C.to Torinese Open"]
[Site "Torino ITA"]
[Date "2015.02.09"]
[Round "4"]
[White "Pitica, Silviu Valentin"]
[Black "Barletta, Mauro"]
[WhiteElo "1940"]
[BlackElo "2175"]
[Result "1/2-1/2"]
[PlyCount "106"]
[EventDate "2015.01.19"]

1. d4 e6 2. c4 f5 3. Nf3 Nf6 4. g3 d5 5. Bg2 c6 6. Qc2 Bd6 7. b3 O-O 8. O-O Qe7
9. Bb2 Ne4 10. Ne5 Nd7 11. Nd3 Kh8 12. Nd2 Nxd2 13. Qxd2 b6 14. a4 a5 15. Rfc1
Bb7 16. Qe3 Rae8 17. Ne5 Nxe5 18. dxe5 Bc5 19. Bd4 Bxd4 20. Qxd4 c5 21. Qd3 d4
22. Bxb7 Qxb7 23. f4 g5 24. Rf1 Rd8 25. fxg5 Qg7 26. Rf4 Qxe5 27. Re1 Rg8 28.
h4 h6 29. Kf2 hxg5 30. hxg5 Qe3+ 31. Qxe3 dxe3+ 32. Kxe3 Rxg5 33. Rh4+ Kg7 34.
Kf4 Kg6 35. Reh1 Rd4+ 36. Kf3 Rxh4 37. Rxh4 Kg7 38. e4 fxe4+ 39. Rxe4 Kf6 40.
Rh4 Ke5 41. Re4+ Kd6 42. Rg4 Rh5 43. Rh4 Re5 44. Re4 Rf5+ 45. Rf4 Rh5 46. Rh4
Re5 47. Re4 Rf5+ 48. Rf4 Ke5 49. Rxf5+ exf5 50. Ke3 Ke6 51. Kf3 Ke5 52. Ke3 Ke6
53. Kf3 Ke5 1/2-1/2

[Event "C.to Torinese Open"]
[Site "Torino ITA"]
[Date "2015.03.02"]
[Round "6"]
[White "Manino, Edoardo"]
[Black "Pitica, Silviu Valentin"]
[WhiteElo "1979"]
[BlackElo "1940"]
[Result "1-0"]
[PlyCount "52"]
[EventDate "2015.01.19"]

1. d4 Nf6 2. c4 g6 3. Nc3 d5 4. cxd5 Nxd5 5. Bd2 Bg7 6. e4 Nb6 7. Be3 O-O 8. h3
Nc6 9. Nf3 Na5 10. Be2 Nbc4 11. Bc1 c5 12. d5 e6 13. O-O exd5 14. exd5 Re8 15.
Bxc4 Nxc4 16. Qb3 Nd6 17. Bf4 Qf6 18. Bg3 Bd7 19. Rfe1 b6 20. Be5 Rxe5 21. Nxe5
Bxh3 22. Nb5 Bf5 23. Rad1 Ne4 24. Nf3 g5 25. Nd2 c4 26. Nxe4 Bxe4 1-0

[Event "C.to Torinese Open"]
[Site "Torino ITA"]
[Date "2015.03.09"]
[Round "7"]
[White "Manino, Edoardo"]
[Black "Fassio, Luca"]
[WhiteElo "1979"]
[BlackElo "2050"]
[Result "0-1"]
[PlyCount "82"]
[EventDate "2015.01.19"]

1. d4 Nf6 2. c4 c5 3. d5 e6 4. Nc3 exd5 5. cxd5 d6 6. Nf3 g6 7. Bf4 Bg7 8. h3
O-O 9. e3 a6 10. a4 Qe7 11. Be2 Nbd7 12. O-O Nh5 13. Bh2 f5 14. Nd2 Nhf6 15.
Nc4 Ne8 16. Qc2 Rb8 17. e4 f4 18. Bg4 Ne5 19. Nxe5 Bxe5 20. Bf3 b5 21. axb5
axb5 22. Ra5 b4 23. Ne2 Qg5 24. Kh1 Nf6 25. Qd2 Ne8 26. g3 Bxh3 27. Rg1 Qf6 28.
gxf4 Bxb2 29. e5 Bxe5 30. Rg3 Bc3 31. Qc1 Bf5 32. Bg2 Bd4 33. Nxd4 Qxd4 34. Ra2
b3 35. Rb2 Bc2 36. Re3 Nc7 37. f5 Nxd5 38. Rxc2 bxc2 39. Qxc2 Nxe3 40. fxe3
Qa1+ 41. Bg1 Rb1 0-1

[Event "I Trofeo Credito Valtellinese"]
[Site "Torino ITA"]
[Date "2015.01.03"]
[Round "1"]
[White "Quirico, Paolo"]
[Black "Lizzul Coppe, Mirko"]
[WhiteElo "2114"]
[BlackElo "1744"]
[Result "1-0"]
[PlyCount "91"]
[EventDate "2015.01.03"]

1. d4 d5 2. Bf4 Nf6 3. e3 Bf5 4. c4 e6 5. Nc3 c5 6. Nf3 Nc6 7. cxd5 exd5 8. Be2
Be7 9. dxc5 Bxc5 10. O-O Qd7 11. Rc1 Be7 12. Ne5 Qe6 13. Nb5 O-O 14. Nc7 Qc8
15. Nxa8 Qxa8 16. Qa4 Nxe5 17. Bxe5 Nd7 18. Bd4 a6 19. Qb3 b5 20. Bd3 Be6 21.
Qc2 h6 22. Bh7+ Kh8 23. Bf5 Qd8 24. Bxe6 fxe6 25. Qc7 Qe8 26. Qb7 e5 27. Rc7
exd4 28. Rxd7 Bf6 29. Qxd5 dxe3 30. fxe3 Qxe3+ 31. Kh1 Qe2 32. Rb1 Qc2 33. Qd1
Qe4 34. b3 Re8 35. Rd2 Bg5 36. Rf2 b4 37. Rf1 Qh4 38. Qd6 Be7 39. Qxa6 Rd8 40.
Rbd1 Rb8 41. Rc1 Qg4 42. Qc4 Qg5 43. Qe6 Rb5 44. Rc8+ Kh7 45. Qe4+ Qg6 46. Rh8+
1-0

[Event "I Trofeo Credito Valtellinese"]
[Site "Torino ITA"]
[Date "2015.01.03"]
[Round "1"]
[White "Raccanello, Marianna"]
[Black "Ljubisavljevic, Zivojin Z."]
[WhiteElo "1749"]
[BlackElo "2178"]
[Result "0-1"]
[PlyCount "72"]
[EventDate "2015.01.03"]

1. e4 g6 2. d4 Bg7 3. Nc3 d6 4. Nf3 Bg4 5. Be3 Nc6 6. Qd2 Bxf3 7. gxf3 e5 8. d5
Nd4 9. Bxd4 exd4 10. Ne2 Qf6 11. Qd3 Ne7 12. O-O-O O-O 13. Nxd4 c5 14. dxc6
bxc6 15. c3 a5 16. h4 h5 17. Be2 a4 18. Nc2 d5 19. Qe3 Kh7 20. Kb1 a3 21. Nxa3
Rfb8 22. Kc2 Qd6 23. Nc4 Qc7 24. Na3 Qa5 25. Rb1 c5 26. c4 Qa4+ 27. Kc1 Nc6 28.
Bd1 Qa5 29. cxd5 Nb4 30. Bb3 Bh6 31. f4 Bxf4 32. Qxf4 Nd3+ 33. Kc2 Nxf4 34. Nc4
Qd8 35. Ne5 Qe7 36. Nc6 Qxe4+ 0-1

[Event "I Trofeo Credito Valtellinese"]
[Site "Torino ITA"]
[Date "2015.01.04"]
[Round "2"]
[White "Gennaro, Isabella"]
[Black "Llupa, Oltjon"]
[WhiteElo "1856"]
[BlackElo "2005"]
[Result "1-0"]
[PlyCount "119"]
[EventDate "2015.01.03"]

1. e4 c5 2. Nf3 d6 3. d4 cxd4 4. Nxd4 Nf6 5. Nc3 g6 6. Be2 Bg7 7. O-O O-O 8.
Bg5 Nc6 9. Nxc6 bxc6 10. Qd2 Re8 11. Bc4 Ng4 12. Kh1 Ne5 13. Bb3 Be6 14. Bxe6
fxe6 15. Qe2 Qa5 16. Bd2 Qc5 17. b3 Nf7 18. Na4 Qh5 19. Qxh5 gxh5 20. Rae1 e5
21. c4 Nd8 22. f4 Ne6 23. f5 Nd4 24. Re3 Bf6 25. Rh3 h4 26. Be1 Ne2 27. Bxh4
Nf4 28. Rg3+ Kf7 29. Bxf6 Kxf6 30. Nc3 h5 31. h4 Rg8 32. Rff3 e6 33. Rxg8 Rxg8
34. g3 Rg4 35. fxe6 Kxe6 36. gxf4 exf4 37. b4 Ke5 38. Rd3 Rxh4+ 39. Kg2 Rg4+
40. Kh2 a6 41. b5 axb5 42. cxb5 cxb5 43. Rd5+ Ke6 44. Nxb5 f3 45. Nd4+ Ke7 46.
Nxf3 Rxe4 47. Nd4 Kd7 48. a4 Rg4 49. a5 Kc7 50. a6 Rg8 51. Rb5 Rb8 52. Ne6+ Kc8
53. Rf5 Rb2+ 54. Kg3 Ra2 55. Rf8+ Kd7 56. a7 Kxe6 57. a8=Q Rxa8 58. Rxa8 Ke5
59. Rh8 Ke4 60. Rxh5 1-0

[Event "I Trofeo Credito Valtellinese"]
[Site "Torino ITA"]
[Date "2015.01.04"]
[Round "2"]
[White "Razzano, Lorenzo"]
[Black "Mina, Marco"]
[WhiteElo "1981"]
[BlackElo "1813"]
[Result "1/2-1/2"]
[PlyCount "52"]
[EventDate "2015.01.03"]

1. g3 d5 2. Bg2 Nf6 3. d3 c5 4. c4 Nc6 5. cxd5 Nxd5 6. Nc3 e6 7. Nf3 Be7 8. O-O
O-O 9. Bd2 b6 10. Ne1 Bb7 11. Nc2 Qd7 12. Ne3 Ncb4 13. a3 Nxe3 14. Bxe3 Bxg2
15. Kxg2 Nc6 16. Qa4 Rfd8 17. Rac1 Rac8 18. Ne4 Nd4 19. Qxd7 Rxd7 20. Bxd4 Rxd4
21. Rfd1 Rcd8 22. b3 a5 23. a4 e5 24. Rc4 f5 25. Rxd4 Rxd4 26. Nc3 Kf7 1/2-1/2

[Event "I Trofeo Credito Valtellinese"]
[Site "Torino ITA"]
[Date "2015.01.04"]
[Round "3"]
[White "Doromeychuk, Anton"]
[Black "Ljubisavljevic, Zivojin Z."]
[WhiteElo "1817"]
[BlackElo "2178"]
[Result "0-1"]
[PlyCount "61"]
[EventDate "2015.01.03"]

1. d4 c5 2. d5 e5 3. c4 d6 4. Nc3 f5 5. e4 Nf6 6. Bg5 Be7 7. Bxf6 Bxf6 8. g3
O-O 9. Bg2 f4 10. Nf3 a6 11. O-O g5 12. h3 g4 13. hxg4 Bxg4 14. Qd3 Nd7 15. Nh2
Bh5 16. Bh3 Kh8 17. Bf5 Rg8 18. g4 Bg6 19. Qh3 Be7 20. f3 Nf6 21. Kf2 b5 22.
cxb5 axb5 23. b3 b4 24. Nd1 Bxf5 25. exf5 Nxd5 26. Rh1 Rg7 27. Nb2 Bf6 28. g5
Bxg5 29. Ng4 Nf6 30. Nh6 e4 31. fxe4 0-1

[Event "I Trofeo Credito Valtellinese"]
[Site "Torino ITA"]
[Date "2015.01.04"]
[Round "3"]
[White "Dragojlovic, Andjelko"]
[Black "Faraoni, Enrico"]
[WhiteElo "2314"]
[BlackElo "2093"]
[Result "1-0"]
[PlyCount "81"]
[EventDate "2015.01.03"]

1. e4 e6 2. d4 d5 3. Nc3 Bb4 4. Qd3 dxe4 5. Qxe4 Nf6 6. Qh4 c5 7. dxc5 Bxc3+ 8.
bxc3 Qa5 9. Qb4 Qc7 10. Nf3 Nc6 11. Bb5 O-O 12. Bxc6 bxc6 13. O-O Nd5 14. Qd4
f6 15. c4 e5 16. Qd2 Nf4 17. Re1 Qf7 18. Qc3 g5 19. Bxf4 gxf4 20. Nd2 Bf5 21.
Ne4 Bxe4 22. Rxe4 Rad8 23. Rae1 Kh8 24. g3 Rg8 25. Kg2 Qh5 26. Rxf4 Qg5 27.
Rfe4 Rd2 28. R4e2 Rd4 29. Qf3 h5 30. Re4 Rd2 31. R1e2 Rd7 32. h4 Qg6 33. R2e3
Rgd8 34. Rd3 Kg7 35. Ree3 Rd4 36. Qxc6 Rxd3 37. cxd3 Rd4 38. Qb7+ Kh6 39. c6
Rxh4 40. c7 Qg4 41. c8=Q 1-0

[Event "I Trofeo Credito Valtellinese"]
[Site "Torino ITA"]
[Date "2015.01.05"]
[Round "4"]
[White "Nastro, Federico"]
[Black "Fassio, Luca"]
[WhiteElo "1947"]
[BlackElo "2050"]
[Result "1-0"]
[PlyCount "71"]
[EventDate "2015.01.03"]

1. e4 g6 2. d4 Bg7 3. Nc3 c6 4. f4 d5 5. e5 h5 6. Be3 Nh6 7. Nf3 Bg4 8. h3 Bxf3
9. Qxf3 Nf5 10. Bf2 h4 11. Bd3 e6 12. Ne2 Bf8 13. O-O Nd7 14. Rfd1 Qb6 15. b3
Be7 16. c4 O-O-O 17. c5 Qc7 18. b4 Rdg8 19. a4 g5 20. b5 Nb8 21. Rdb1 Qd7 22.
a5 Bd8 23. a6 b6 24. cxb6 Bxb6 25. bxc6 Nxc6 26. Bb5 Kb8 27. Rc1 Rc8 28. fxg5
Rc7 29. Qa3 Rhc8 30. Qa4 Ncxd4 31. Bxd7 Nxe2+ 32. Kh2 Rxc1 33. Bxb6 Rxa1 34.
Bc7+ Rxc7 35. Qb5+ Ka8 36. Bc6+ 1-0

[Event "I Trofeo Credito Valtellinese"]
[Site "Torino ITA"]
[Date "2015.01.05"]
[Round "4"]
[White "Yao, Stefano"]
[Black "Quirico, Paolo"]
[WhiteElo "2255"]
[BlackElo "2114"]
[Result "1-0"]
[PlyCount "83"]
[EventDate "2015.01.03"]

1. d4 e6 2. e4 d5 3. Nc3 Bb4 4. e5 c5 5. a3 Bxc3+ 6. bxc3 Qa5 7. Bd2 Qa4 8. Qg4
Kf8 9. Qd1 c4 10. h4 Nc6 11. h5 h6 12. g3 Nge7 13. Bh3 Bd7 14. Ne2 Ke8 15. O-O
Kd8 16. f4 Kc7 17. g4 g6 18. Ng3 Rag8 19. Kh2 Rh7 20. Be3 Kc8 21. Qd2 Kb8 22.
Qf2 Qa5 23. Bd2 Qa4 24. Be3 Qa5 25. Bd2 Qa4 26. Ra2 Kc8 27. hxg6 fxg6 28. f5
gxf5 29. gxf5 Nxf5 30. Nxf5 exf5 31. Bxf5 Rhg7 32. e6 Rg2+ 33. Qxg2 Rxg2+ 34.
Kxg2 Be8 35. e7+ Kc7 36. Bf4+ Kb6 37. Rb1+ Ka6 38. Bc8 Na5 39. Re1 Qb5 40. Bc7
Bh5 41. e8=Q Bxe8 42. a4 1-0

[Event "I Trofeo Credito Valtellinese"]
[Site "Torino ITA"]
[Date "2015.01.06"]
[Round "5"]
[White "Dragojlovic, Andjelko"]
[Black "Yao, Stefano"]
[WhiteElo "2314"]
[BlackElo "2255"]
[Result "1-0"]
[PlyCount "93"]
[EventDate "2015.01.03"]

1. e4 c5 2. Nf3 d6 3. d4 cxd4 4. Nxd4 Nf6 5. Nc3 Nc6 6. g3 Bg4 7. f3 Bd7 8. Be3
a6 9. g4 h6 10. h4 e6 11. Qd2 b5 12. O-O-O Ne5 13. Rg1 b4 14. Nb1 g6 15. g5
hxg5 16. hxg5 Nh5 17. f4 Nc6 18. Nxc6 Bxc6 19. Qxb4 Qc7 20. Nc3 d5 21. Qd4 Bg7
22. e5 Qb7 23. Be2 Rb8 24. b3 Qb4 25. Qxb4 Rxb4 26. a3 Rb8 27. Bxa6 Bf8 28. b4
Ng7 29. Bd3 Rh3 30. Bd4 Nh5 31. Rdf1 Rh4 32. Ne2 Kd7 33. Rh1 Rxh1 34. Rxh1 Be7
35. Rh3 Kc7 36. Be3 Bd7 37. Nd4 Bf8 38. c3 Kd8 39. Be2 Ng7 40. Rh8 Kc7 41. Rh7
Kd8 42. Bg4 Ke8 43. Kb2 Ba4 44. Nb3 Bxb3 45. Kxb3 Nf5 46. Bxf5 exf5 47. a4 1-0

[Event "I Trofeo Credito Valtellinese"]
[Site "Torino ITA"]
[Date "2015.01.06"]
[Round "6"]
[White "Llupa, Oltjon"]
[Black "Dragojlovic, Andjelko"]
[WhiteElo "2005"]
[BlackElo "2314"]
[Result "0-1"]
[PlyCount "71"]
[EventDate "2015.01.03"]

1. d4 g6 2. c4 Nf6 3. Nc3 Bg7 4. e4 O-O 5. Bg5 c6 6. Qd2 d5 7. f3 dxe4 8. fxe4
e5 9. d5 Nbd7 10. Nf3 a6 11. Bd3 cxd5 12. cxd5 b5 13. a3 Qb6 14. Be3 Qd6 15.
O-O Ng4 16. b4 f5 17. Rac1 Bb7 18. Rfd1 f4 19. Bf2 Nxf2 20. Qxf2 Bf6 21. Bf1
Bd8 22. Kh1 g5 23. Ne1 Bb6 24. Qf3 Nf6 25. Qh3 g4 26. Qh4 Rac8 27. Bxb5 Rxc3
28. Rxc3 axb5 29. Nd3 Nxe4 30. Qxg4+ Kh8 31. Rc2 Bd4 32. Qh5 Qxd5 33. Ne1 Qf7
34. Qh4 Qf6 35. Qxf6+ Rxf6 36. Nd3 0-1

[Event "I Trofeo Credito Valtellinese"]
[Site "Torino ITA"]
[Date "2015.01.06"]
[Round "6"]
[White "Yao, Stefano"]
[Black "Finocchiaro, Gianluca"]
[WhiteElo "2255"]
[BlackElo "2000"]
[Result "1-0"]
[PlyCount "60"]
[EventDate "2015.01.03"]

1. d4 d6 2. e4 Nf6 3. Nc3 c6 4. Nf3 Bg4 5. Be2 e6 6. O-O d5 7. e5 Nfd7 8. Ng5
Bxe2 9. Qxe2 Be7 10. Qh5 Bxg5 11. Qxg5 Qxg5 12. Bxg5 a6 13. Rad1 c5 14. dxc5
Nc6 15. Na4 Ncxe5 16. Rfe1 O-O 17. f4 h6 18. Bh4 Ng6 19. Bg3 Ne7 20. c4 Rfc8
21. Bf2 b5 22. cxb6 Rxc4 23. b3 Rc2 24. Rc1 Rac8 25. Bc5 Rxc1 26. Rxc1 Nxc5 27.
Rxc5 Rb8 28. Rc7 Nc8 29. b7 Nd6 30. Nc5 Kf8 1-0

[Event "XXIV Weekend A"]
[Site "Ceriano Laghetto ITA"]
[Date "2015.03.06"]
[Round "1"]
[White "Lapiccirella, Daniele"]
[Black "Ranfagni, Stefano"]
[WhiteElo "2228"]
[BlackElo "1986"]
[Result "1-0"]
[PlyCount "43"]
[EventDate "2015.03.06"]

1. d4 e6 2. c4 f5 3. Nf3 Nf6 4. Nc3 d5 5. Bf4 c6 6. e3 Be7 7. Bd3 O-O 8. Qc2
Ne4 9. g4 Nd7 10. gxf5 exf5 11. cxd5 g5 12. Bxe4 fxe4 13. Nxg5 Bxg5 14. Rg1 Kh8
15. Rxg5 Rg8 16. Rxg8+ Qxg8 17. O-O-O cxd5 18. Qb3 Nf6 19. Be5 Qf7 20. Nxd5 Be6
21. Bxf6+ Kg8 22. Rg1+ 1-0

[Event "XXIV Weekend A"]
[Site "Ceriano Laghetto ITA"]
[Date "2015.03.06"]
[Round "1"]
[White "Lapiccirella, Mattia"]
[Black "Salvador, Roland"]
[WhiteElo "2201"]
[BlackElo "2440"]
[Result "0-1"]
[PlyCount "50"]
[EventDate "2015.03.06"]

1. d4 d5 2. Nf3 Nf6 3. e3 c6 4. c4 Bf5 5. Nc3 e6 6. Nh4 Be4 7. f3 Bg6 8. g3
Nbd7 9. Qb3 Qc7 10. Bd2 Bh5 11. g4 Bg6 12. O-O-O dxc4 13. Bxc4 b5 14. Bxe6 fxe6
15. Qxe6+ Be7 16. Nxg6 hxg6 17. g5 Nf8 18. Qb3 Nd5 19. e4 Nf4 20. Kb1 N8e6 21.
Bxf4 Nxf4 22. d5 b4 23. Na4 cxd5 24. exd5 Qd6 25. Qc4 O-O 0-1

[Event "XXIV Weekend A"]
[Site "Ceriano Laghetto ITA"]
[Date "2015.03.06"]
[Round "1"]
[White "Moroni, Luca jr"]
[Black "Sbarra, Marco"]
[WhiteElo "2415"]
[BlackElo "2169"]
[Result "1-0"]
[PlyCount "47"]
[EventDate "2015.03.06"]

1. c4 e6 2. g3 d5 3. Bg2 dxc4 4. Qa4+ c6 5. Qxc4 e5 6. Nf3 Qa5 7. O-O Be6 8.
Qc3 Qxc3 9. Nxc3 Nd7 10. d4 exd4 11. Nxd4 Bg4 12. h3 Bh5 13. Rd1 Bg6 14. f4 Bc5
15. e4 f6 16. Be3 Nb6 17. Bf2 Bf7 18. Nf5 Bxf2+ 19. Kxf2 Kf8 20. Nd6 Rb8 21. b4
Ne7 22. a4 Nec8 23. a5 Nc4 24. Nxc4 1-0

[Event "XXIV Weekend A"]
[Site "Ceriano Laghetto ITA"]
[Date "2015.03.06"]
[Round "1"]
[White "Ventura, Salvatore"]
[Black "Mrdja, Milan"]
[WhiteElo "2089"]
[BlackElo "2366"]
[Result "0-1"]
[PlyCount "100"]
[EventDate "2015.03.06"]

1. c4 e5 2. g3 Nc6 3. Nc3 Nf6 4. Bg2 Bb4 5. Nd5 Bc5 6. e3 Nxd5 7. cxd5 Ne7 8.
Ne2 c6 9. Nc3 Bb4 10. Qg4 Bxc3 11. bxc3 d6 12. Qxg7 Rg8 13. Qxh7 Bf5 14. Qh4
cxd5 15. Ba3 Qd7 16. Qb4 O-O-O 17. Qa5 Bd3 18. Qxa7 Qb5 19. Bb4 Nc6 20. Qa3 Kc7
21. Qb3 Bc4 22. a4 Qa6 23. Qa3 e4 24. Bf1 Ne5 25. O-O-O Bxf1 26. Rhxf1 Kd7 27.
Qb3 Qc6 28. Kc2 Ra8 29. Ra1 Ke6 30. f4 Nd3 31. f5+ Kd7 32. a5 Rgc8 33. f6 Ke6
34. g4 Qb5 35. Rab1 b6 36. axb6 Qxb6 37. Rf5 Qc6 38. h4 Rab8 39. Qa3 Rg8 40.
Rg5 Rh8 41. h5 Rb5 42. Qa7 Rb7 43. Qa3 Rhb8 44. Kd1 Ne5 45. Rf5 Nxg4 46. Rf4
Ne5 47. Ra1 Nd3 48. Rh4 Ne5 49. Rh3 Qb5 50. Kc2 Nc6 0-1

[Event "XXIV Weekend A"]
[Site "Ceriano Laghetto ITA"]
[Date "2015.03.06"]
[Round "1"]
[White "Vezzosi, Paolo"]
[Black "Petrone, Gianmario"]
[WhiteElo "2330"]
[BlackElo "2057"]
[Result "1-0"]
[PlyCount "75"]
[EventDate "2015.03.06"]

1. d4 Nf6 2. c4 g6 3. g3 Bg7 4. Bg2 d5 5. cxd5 Nxd5 6. Nc3 Nb6 7. Nf3 Nc6 8. e3
O-O 9. O-O Re8 10. b3 e5 11. Nxe5 Nxe5 12. dxe5 Qxd1 13. Rxd1 Bxe5 14. Bb2 c6
15. Rd2 a5 16. Rad1 Bg4 17. f3 Be6 18. Ne4 Bxb2 19. Rxb2 Rad8 20. Rxd8 Rxd8 21.
Nc5 Bc8 22. e4 Rd1+ 23. Kf2 Nd7 24. Nxd7 Bxd7 25. Ke3 Kf8 26. f4 Be6 27. Bf3
Rd8 28. g4 f6 29. h4 Bf7 30. g5 Ke7 31. Rh2 Rd7 32. Bg4 Rc7 33. gxf6+ Kxf6 34.
e5+ Ke7 35. h5 gxh5 36. Bxh5 Be6 37. Bf3 Bf5 38. Be4 1-0

[Event "XXIV Weekend A"]
[Site "Ceriano Laghetto ITA"]
[Date "2015.03.06"]
[Round "1"]
[White "Villa, Giorgio"]
[Black "Tomba, Ivan"]
[WhiteElo "2027"]
[BlackElo "2251"]
[Result "0-1"]
[PlyCount "46"]
[EventDate "2015.03.06"]

1. Nf3 e6 2. c4 d5 3. d4 c6 4. Nc3 Nf6 5. e3 Nbd7 6. Qc2 Bd6 7. Be2 O-O 8. O-O
dxc4 9. Bxc4 e5 10. Rd1 Qe7 11. h3 e4 12. Nd2 Nb6 13. Bf1 Re8 14. f3 exf3 15.
Nxf3 Nbd5 16. Nxd5 cxd5 17. Bd3 Ne4 18. Nd2 Bxh3 19. Nxe4 dxe4 20. gxh3 exd3
21. Qxd3 Qh4 22. Qf5 Re6 23. Rd2 Rf6 0-1

[Event "XXIV Weekend A"]
[Site "Ceriano Laghetto ITA"]
[Date "2015.03.07"]
[Round "2"]
[White "Mrdja, Milan"]
[Black "Lapiccirella, Daniele"]
[WhiteElo "2366"]
[BlackElo "2228"]
[Result "1-0"]
[PlyCount "51"]
[EventDate "2015.03.06"]

1. e4 c5 2. Nf3 e6 3. d4 cxd4 4. Nxd4 Nc6 5. Nc3 a6 6. Be3 Qc7 7. Qd2 Nf6 8. f3
b5 9. g4 h6 10. Bd3 Ne5 11. O-O-O b4 12. Nce2 d5 13. exd5 Nxd5 14. Bf2 Bb7 15.
Be4 Nc4 16. Qd3 Nd6 17. Bxd5 Bxd5 18. Nf4 Bc4 19. Qe3 Bxa2 20. Rhe1 O-O-O 21.
b3 Qa5 22. Rd3 g5 23. Nfxe6 fxe6 24. Qxe6+ Rd7 25. Re5 Qb6 26. Be3 1-0

[Event "XXIV Weekend A"]
[Site "Ceriano Laghetto ITA"]
[Date "2015.03.07"]
[Round "2"]
[White "Petrone, Gianmario"]
[Black "Lapiccirella, Mattia"]
[WhiteElo "2057"]
[BlackElo "2201"]
[Result "1/2-1/2"]
[PlyCount "56"]
[EventDate "2015.03.06"]

1. e4 c5 2. c3 d5 3. exd5 Qxd5 4. d4 Nf6 5. Nf3 Bg4 6. Be2 e6 7. h3 Bh5 8. O-O
Be7 9. Be3 cxd4 10. Nxd4 Bxe2 11. Qxe2 Nc6 12. Rd1 Nxd4 13. Bxd4 Qc6 14. c4 O-O
15. Nc3 a6 16. Rac1 Rac8 17. b3 Rfe8 18. Rc2 Bd8 19. Be5 Be7 20. Rcd2 Red8 21.
Rxd8+ Rxd8 22. Rxd8+ Bxd8 23. Qd3 Be7 24. Qd4 Ne8 25. Qe4 Qd7 26. Qd4 Qc6 27.
Qe4 Qd7 28. Qd4 Qc6 1/2-1/2